000 00567nam a22001817a 4500
999 _c166443
_d166443
010 _aENG-126059
020 _a978-93-8676-132-3
_c995.00(hb)
035 _aEN-109591
037 _bDBAD/PUB
082 _a621.4021
100 _aBABU,V.
245 _aFundamentals of Engineering Thermodynamics/
_cby V.BABU
260 _aNew Delhi
_bAne Books Pvt. Ltd.
270 _a4821, Parwana Bhawan, 1st floor, 24 Ansari Road, Darya Ganj
300 _a232p.
_c24cm(Hb)
520 _aits includs index and bibliography
942 _2ddc
_cEN
_h621.4021
_mBAB